Bandiere dei paesi che iniziano con S - Statistics

Statistiche generali
  • Questo quiz è stato fatto 110 volte
  • Il punteggio medio è 22 su 24
Statistiche sulle risposte
con Immagini Risposta % Corretto
Spagna
100%
Stati Uniti
100%
Sudafrica
100%
Svezia
100%
Svizzera
100%
Serbia
98%
Slovacchia
98%
Slovenia
98%
San Marino
97%
Senegal
96%
Siria
96%
Somalia
95%
Sri Lanka
95%
Sudan
94%
Singapore
92%
Seychelles
89%
Sud Sudan
88%
Saint Lucia
83%
Sierra Leone
81%
Suriname
81%
Sao Tome e Principe
76%
Saint Kitts e Nevis
75%
Samoa
75%
Saint Vincent e Grenadine
74%
Nessun quiz corrispondente trovato
Distribuzione punteggi
Percentuale di utenti per punteggio
Percentile per numero di risposta
I tuoi punteggi nel tempo
Non hai fatto questo quiz